Asimetrija konkurencii na rynke meždu postavščikami i krupnymi rozničnymi setjami

Problematika asymetrie trhovej konkurencie medzi dodávateľmi a maloobchodnými reťazcami.

Gespeichert in:
Bibliographische Detailangaben
1. Verfasser: Dengová, Elena
Format: Buchkapitel
Sprache:Russisch
Schlagworte:
Tags: Tag hinzufügen
Keine Tags, Fügen Sie das erste Tag hinzu!

MARC

LEADER 00000naa$a2200000$$$4500
001 0208821
005 20240502083522.0
041 0 |a rus 
044 |a RU 
245 1 0 |a Asimetrija konkurencii na rynke meždu postavščikami i krupnymi rozničnymi setjami  |c E. V. Dengová 
520 |a Problematika asymetrie trhovej konkurencie medzi dodávateľmi a maloobchodnými reťazcami. 
610 2 0 |a konkurencia 
610 2 0 |a maloobchod 
610 2 0 |a siete maloobchodné 
610 2 0 |a dodávatelia 
100 1 |a Dengová, Elena